00519nam a2200133Ia 4500008004100000020002200041100002400063245009300087260008000180300004900260500003300309650002000342650002300362191108s9999 xx 000 0 und d a978-0-794-60006-8 aMatsuhisa, Nobuyuki cNobuyuki Matsuhisa.--aTropical Asian cooking.--bExotic flavors from Equatorial Asia /  aSingapore : bPeriplus Editions ; North Clarendon, VT, USA : Tuttle,c2002. a192 pages :bcolored illustrationsc29.5 cm. aIncludes glossary and index. aCooking, Asian. aCooking, Tropical.